[Event "Golubitskaya op"]
[Site "Golubitskaya"]
[Date "2012.06.28"]
[Round "3"]
[White "Petrov, Viacheslav"]
[Black "Bondarev, Boris"]
[Result "1-0"]
[WhiteElo "1884"]
[BlackElo "2007"]
[PlyCount "91"]
[EventDate "2012.06.26"]
[EventType "swiss"]
[EventRounds "9"]
[EventCountry "RUS"]
[SourceTitle "EXT 2014"]
[Source "ChessBase"]
[SourceDate "2013.11.20"]
[SourceVersion "1"]
[SourceVersionDate "2013.11.20"]
[SourceQuality "1"]

1. d4 d5 2. Nf3 Bg4 3. Ne5 Bf5 4. e3 f6 5. Nf3 c6 6. c4 Nd7 7. cxd5 Bxb1 8. dxc6 bxc6 9. Rxb1 Qa5+ 10. Bd2 Qxa2 11. Bc3 Qd5 12. Bd3 e6 13. e4 Qh5 14. Qb3 Rb8 15. Qxe6+ Ne7 16. Ra1 Ra8 17. Ra6 Nb8 18. Ra5 Qf7 19. Qh3 Nd7 20. 0-0 Ng6 21. Qg3 Nb6 22. Rfa1 Qd7 23. Rxa7 Rxa7 24. Qb8+ Nc8 25. Rxa7 Bd6 26. Rxd7 Bxb8 27. Rxg7 Nce7 28. Bc4 Nf4 29. Bb4 Nfg6 30. Rf7 Kd7 31. Rxf6 Ba7 32. d5 Rb8 33. Bxe7 cxd5 34. exd5 Rxb2 35. Bd6 Bxf2+ 36. Kf1 Bb6 37. Bg3 Ke7 38. Re6+ Kd7 39. Ne5+ Nxe5 40. Bxe5 Rb1+ 41. Ke2 Ba5 42. Kf3 Rb4 43. Rc6 Bd8 44. Bc3 Rb1 45. Bd3 Rd1 46. Bf5+ 1-0

[Event "Karvina op"]
[Site "Karvina"]
[Date "2011.07.09"]
[Round "8"]
[White "Petrov, Viacheslav"]
[Black "Novosadova, Kristyna"]
[Result "0-1"]
[WhiteElo "1868"]
[BlackElo "2076"]
[PlyCount "89"]
[EventDate "2011.07.02"]
[EventType "swiss"]
[EventRounds "9"]
[EventCountry "CZE"]
[SourceTitle "CBM 143 Extra"]
[Source "ChessBase"]
[SourceDate "2011.08.29"]
[SourceVersion "1"]
[SourceVersionDate "2011.08.29"]
[SourceQuality "1"]

1. Nc3 Nf6 2. g3 d5 3. d3 e5 4. Bg2 Be7 5. Bg5 c6 6. e4 d4 7. Nce2 Nbd7 8. Nf3 0-0 9. 0-0 h6 10. Bd2 Re8 11. h3 Bd6 12. Nh2 c5 13. f4 b5 14. f5 c4 15. g4 Nh7 16. Qe1 Nc5 17. Qg3 Be7 18. Nf3 cxd3 19. cxd3 Nxd3 20. Nxe5 Nxe5 21. Qxe5 d3 22. Nf4 Bb4 23. Qxe8+ Qxe8 24. Bxb4 Bb7 25. Nd5 Rd8 26. Rfe1 f6 27. Rad1 Ng5 28. Rxd3 Nf7 29. Red1 Bxd5 30. exd5 Ne5 31. Re3 Qd7 32. Bc3 Nc4 33. Re6 b4 34. Bxb4 Nxb2 35. Rd2 Nc4 36. Rde2 Qb5 37. Be7 Rd7 38. Kh1 Ne5 39. Re1 Qa5 40. Re2 Qb5 41. Re1 Rxd5 42. Rc1 Rd2 43. Rc8+ Kh7 44. Bxf6 Qb1+ 45. Kh2 0-1

[Event "Karvina op"]
[Site "Karvina"]
[Date "2011.07.05"]
[Round "4"]
[White "Petrov, Viacheslav"]
[Black "Stuchly, Ondrej"]
[Result "1-0"]
[WhiteElo "1868"]
[BlackElo "1644"]
[PlyCount "39"]
[EventDate "2011.07.02"]
[EventType "swiss"]
[EventRounds "9"]
[EventCountry "CZE"]
[SourceTitle "CBM 143 Extra"]
[Source "ChessBase"]
[SourceDate "2011.08.29"]
[SourceVersion "1"]
[SourceVersionDate "2011.08.29"]
[SourceQuality "1"]

1. e4 e5 2. Nf3 Nc6 3. d4 exd4 4. Nxd4 Qf6 5. Be3 Bc5 6. c3 Nge7 7. g3 d5 8. Bg2 Be6 9. 0-0 Bb6 10. Na3 Rd8 11. Nac2 dxe4 12. Bxe4 Nxd4 13. Bxd4 Bxd4 14. cxd4 c6 15. Qh5 Bd5 16. Rfe1 Bxe4 17. Rxe4 0-0 18. Qc5 Nc8 19. Rae1 Rd5 20. Qxf8+ 1-0

[Event "RUS-chB U14"]
[Site "Dagomys"]
[Date "2009.04.16"]
[Round "2"]
[White "Petrov, Viacheslav"]
[Black "Vorontsov, Gleb"]
[Result "0-1"]
[WhiteElo "1868"]
[BlackElo "1903"]
[PlyCount "90"]
[EventDate "2009.04.15"]
[EventType "swiss"]
[EventRounds "9"]
[EventCountry "RUS"]
[SourceTitle "EXT 2012"]
[Source "ChessBase"]
[SourceDate "2011.11.24"]
[SourceVersion "1"]
[SourceVersionDate "2011.11.24"]
[SourceQuality "1"]

1. e4 e6 2. d4 d5 3. e5 c5 4. c3 Nc6 5. Nf3 Qb6 6. a3 Bd7 7. b4 cxd4 8. cxd4 Nge7 9. Bb2 Nf5 10. g4 Nh6 11. h3 Rc8 12. Nc3 Be7 13. Rc1 a6 14. Na4 Qa7 15. Nc5 Bxc5 16. Rxc5 Ng8 17. Bg2 Nge7 18. 0-0 0-0 19. Qd3 b6 20. Rcc1 Nb8 21. Rxc8 Rxc8 22. Rc1 Rxc1+ 23. Bxc1 Qc7 24. Bd2 Bb5 25. Qc3 Qxc3 26. Bxc3 Ng6 27. Bd2 Nc6 28. h4 Be2 29. Be3 Bxf3 30. Bxf3 Nxh4 31. Be2 b5 32. f4 Ng6 33. Kf2 Nge7 34. Bd3 Nc8 35. Ke2 Nb6 36. Kd2 Nc4+ 37. Bxc4 dxc4 38. Bf2 Ne7 39. Bh4 Kf8 40. Bg3 Ke8 41. Be1 Nd5 42. Bg3 Kd7 43. g5 Kc6 44. Bh2 Ne7 45. Ke3 Kd5 0-1